Normal view
MARC view
- English language
Entry Topical Term
001 - CONTROL NUMBER
- control field: 95026
003 - CONTROL NUMBER IDENTIFIER
- control field: NUST
005 - DATE AND TIME OF LATEST TRANSACTION
- control field: 20220725171207.0
008 - FIXED-LENGTH DATA ELEMENTS
- fixed length control field: 220725|| aca||aabn | a|a d
040 ## - CATALOGING SOURCE
- Original cataloging agency: NUST
- Transcribing agency: NUST
150 ## - HEADING--TOPICAL TERM
- Topical term or geographic name entry element: English language
- Form subdivision: Conversation and phrase books
670 ## - SOURCE DATA FOUND
- Source citation: Work cat.: (NUST)0: Yates, Jean, author. 95025, English conversation
